书目信息 |
| 题名: |
河南省历年教师资格考试真题试卷集
|
|
| 作者: | ;河南省教师资格认定指导中心 | |
| 分册: | ||
| 出版信息: | 2013.05 |
|
| 页数: | 146页 | |
| 开本: | 28cm | |
| 丛书名: | ||
| 单 册: | ||
| 中图分类: | G451.1-44 | |
| 科图分类: | ||
| 主题词: | 教师 , 学生 | |
| 电子资源: | ||
| ISBN: | ||
| 000 | 00671nam0 2200181 450 | |
| 001 | 1333007401 | |
| 005 | 20131231091119.64 | |
| 100 | @a20131231d2013 km y0chiy0120 ea | |
| 101 | 0 | @achi |
| 200 | 1 | @a河南省历年教师资格考试真题试卷集@Ahe nan sheng li nian jiao shi zi ge kao shi zhen ti shi juan ji@f河南省教师资格认定指导中心@Fhe nan sheng jiao shi zi ge ren ding zhi dao zhong xin |
| 210 | @d2013.05 | |
| 215 | @a146页@d28cm | |
| 606 | 0 | @a教师 |
| 606 | 0 | @a学生 |
| 690 | @aG451.1-44@v4 | |
| 711 | 02 | @a河南省教师资格认定指导中心@Ahe nan sheng jiao shi zi ge ren ding zhi dao zhong xin |
| 801 | 0 | @aCN@b大连网信软件有限公司图书馆·11@c20131231 |
| 905 | @aZUCC@dG451.1-44@eH278 | |
| 河南省历年教师资格考试真题试卷集/河南省教师资格认定指导中心.-2013.05 |
| 146页;28cm |
| ISBN : |
| ● |
| 相关链接 |
|
|
|
正题名:河南省历年教师资格考试真题试卷集
索取号:G451.1-44/H278
 
预约/预借
| 序号 | 登录号 | 条形码 | 馆藏地/架位号 | 状态 | 备注 |
| 1 | 492064 | 204920648 | 社科库409/409社科库 4排1列2层/ [索取号:G451.1-44/H278] | 在馆 |